History Quiz

Random History Quiz

Governors of New York Quiz Stats

Quiz not verified by Sporcle

Challenge
Share
Tweet
Embed
Score 0/59 Timer 10:00
0 Plays Today
Years Governors % Correct
2010-PresentAndrew Cuomo (Democratic)
94.3%
1929-1932Franklin D. Roosevelt
90.7%
1899-1900Theodore Roosevelt
90.2%
1983-1994Mario Cuomo
90%
2007-2008Eliot Spitzer
89%
1995-2006George Pataki
87.8%
2008-2010David Paterson
83.2%
1817-1822DeWitt Clinton
75.9%
1825-1828DeWitt Clinton
75.9%
1777-1795George Clinton
75.5%
1801-1804George Clinton
75.5%
1959-1973Nelson Rockefeller
74.1%
1923-1928Al Smith
74.1%
1919-1920Al Smith
74.1%
1943-1954Thomas Dewey
60.8%
1829Martin Van Buren
60.3%
1883-1885Grover Cleveland
57.5%
1975-1982Hugh Carey
47.6%
1795-1801John Jay
44.1%
1973-1974Malcolm Wilson
44.1%
1955-1958W. Avrell Harriman
40.9%
1907-1910Charles Evans Hughes
39.2%
1875-1876Samuel J. Tilden
35.1%
1933-1942Herbert H. Lehman
34.3%
1807-1817Daniel D. Tompkins
27.6%
1853-1854Horatio Seymour
27.4%
1839-1842William H. Seward
26.4%
1910Horace White
20.8%
1857-1858John Alsop King
19.6%
1895-1896Levi P. Morton
17.7%
Years Governors % Correct
1897-1898Frank S. Black
16.6%
1921-1922Nathan Lewis Miller
14.9%
1942Charles Poletti
14%
1804-1807Morgan Lewis
12.4%
1849-1850Hamilton Fish
12.4%
1817-1814John Adams Dix
11.5%
1911-1912John Alden Dix
11.5%
1859-1862Edwin D. Morgan
10.8%
1915-1918Charles S. Whitman
9.6%
1895-1891David B. Hill
9.3%
1877-1879Lucius Robinson
9.1%
1913William Sulzer
8.6%
1913-1914Martin H. Glynn
7.7%
1817 (Acting)John Tayler
6.5%
1845-1846Silas Wright
6.5%
1855-1856Myron H. Clark
6.5%
1833-1838William L. Marcy
6.1%
1901-1904Benjamin Barker Odell Jr.
5.9%
1892-1894Roswell P. Flower
5.9%
1823-1824Joseph C. Yates
5.4%
1905-1906Frank W. Higgins
4.9%
1829-1832Enos T. Throop
4.7%
1847-1848John Young
4.5%
1851-1852Washington Hunt
4.4%
1869-1872John Thompson Hoffman
4.4%
1880-1882Alonzo B. Cornell
4.4%
1865-1868Ruben Fenton
3.5%
1828Nathaniel Pitcher
2.8%
1843-1844William C. Bouck
2.1%

You're not logged in!

Compare scores with friends on all Sporcle quizzes.
Sign Up with Email
OR
Log In

You Might Also Like...

Show Comments

Extras

Top Quizzes Today


Score Distribution

Your Account Isn't Verified!

In order to create a playlist on Sporcle, you need to verify the email address you used during registration. Go to your Sporcle Settings to finish the process.